Sports Quiz

Random Sports Quiz

BBC Sports Personality name match Quiz Stats

 Plays Quiz not verified by Sporcle

Also try: Missing Team Blitz
Challenge
Share
Tweet
Score 0/58 Timer 05:00
0 Plays Today
% Correct
David
96.3%
Lennox
91.4%
Bradley
91.4%
Andy
90.1%
Torville
88.9%
Ryan
88.9%
Paul
87.7%
Paula
87.7%
Jonny
85.2%
Mark
85.2%
Lewis
85.2%
Sebastian
84%
Steve
84%
Nigel
82.7%
Nick
82.7%
Linford
82.7%
Michael
82.7%
Zara
82.7%
Joe
82.7%
Princess
81.5%
Greg
81.5%
Andrew
81.5%
Chris
81.5%
Ian
79%
Daley
79%
Stirling
77.8%
Steve
77.8%
Damon
77.8%
Kelly
77.8%
% Correct
Virginia
76.5%
Fatima
76.5%
Jonathan
76.5%
Bobby
74.1%
Steve
74.1%
Jackie
70.4%
Barry
70.4%
Tony
70.4%
Liz
67.9%
Brendan
64.2%
Robin
63%
Henry
61.7%
Mary
61.7%
Steve
58%
John
53.1%
Jim
51.9%
David
49.4%
David
48.1%
Mary
45.7%
Chris
43.2%
Anita
38.3%
Ann
37%
David
37%
John
37%
Dai
34.6%
Tom
30.9%
Gordon
29.6%
Dorothy
29.6%
Ian
27.2%

You're not logged in!

Compare scores with friends on all Sporcle quizzes.
OR
Log In

You Might Also Like...

Show Comments

Extras

Created May 16, 2016SourceReportNominate
Tags:bbc, BBC Sport

Top Quizzes Today


Score Distribution

Your Account Isn't Verified!

In order to create a playlist on Sporcle, you need to verify the email address you used during registration. Go to your Sporcle Settings to finish the process.

Report this User

Report this user for behavior that violates our Community Guidelines.

Details: